Planets by picture - Statistics

General Stats
  • This quiz has been taken 33 times
  • The average score is 8 of 8
Answer Stats
Picture Answer % Correct
Earth
100%
Jupiter
100%
Mars
100%
Saturn
100%
Uranus
100%
Venus
100%
Neptune
96%
Mercury
92%
No matching quizzes found
Score Distribution
Percent of People with Each Score
Percentile by Number Answered
Your Score History
You have not taken this quiz